000 01242nam a22002657a 4500
003 BR-ViAPE
005 20260603114843.0
008 260514s2021 porco gs|||| 001 0 por d
020 _q978-85-98928-29-6
040 _cBR-ViAPE
245 _aViagem às colônias intalianas do Espírito Santo:
_bonde estão e como vivem os camponeses italianos no Espírito Santo - 1902
246 _aCondizioni dei coloni italiani negli stati di Spirito Santo e Minas Geraes (Brasile):
_brelazioni del Dott. Arrigo de Zettiry - Roma, 1902
260 _aVitória
_bArquivo Público do Estado do Espírito Santo
_c2021
300 _a130 p.
_bil.
300 _bLivro disponível em PDF
490 _aColeção Canaã
_vv. 28
500 _aObra disponibilizada em PDF por integrar a Coleção Canaã do APEES.
650 _aImigração
_xItalianos
_xHistória
_zEspírito Santo (Brasil)
651 _aEspírito Santo (Brasil)
700 _aZettiry, Arigo de
_eautor
700 _aHerzog, Nerina Bertoluzzi
_etradutora
710 _aArquivo Público do Estado do Espírito Santo
856 _uhttps://ape.es.gov.br/Media/ape/PDF/Viagem_%C3%A0s_col%C3%B4nias_italianas_do_Esp%C3%ADrito_Santo.pdf
_yCLIQUE AQUI PARA ACESSAR O DOCUMENTO
942 _2ddc
_cBK
_n1
999 _c674
_d674